Every Scrabble Letter Worth Three or More Points - Statistics

General Stats
  • This quiz has been taken 33 times
  • The average score is 12 of 14
Answer Stats
Score Answer % Correct
3 P
96%
10 Q
96%
10 Z
92%
4 F
88%
5 K
88%
4 W
88%
8 X
88%
4 H
84%
8 J
84%
3 C
80%
4 V
80%
4 Y
80%
3 M
76%
3 B
72%
No matching quizzes found
Score Distribution
Percent of People with Each Score
Percentile by Number Answered
Your Score History
You have not taken this quiz